Вып. 33 : Слюдисто-флюорит-берилловые месторождения - важный тип бериллиевого сырья; Геология месторождений редких элементов

Bibliografiska uppgifter
Parent link:Геология месторождений редких элементов: [сборник]/ Всесоюзный научно-исследовательский институт минерального сырья (ВИМС). Вып. 33 : Слюдисто-флюорит-берилловые месторождения - важный тип бериллиевого сырья.— , 1958-1972
Övriga upphovsmän: Заболотная Н. П., Куприянова И. И., Новикова М. И.
Sammanfattning:Исключено из фонда НТБ ТПУ
Språk:ryska
Publicerad: Москва, Недра, 1967
Materialtyp: MixedMaterials Bok
KOHA link:https://koha.lib.tpu.ru/cgi-bin/koha/opac-detail.pl?biblionumber=372165

MARC

LEADER 00000nam2a2200000 4500
001 372165
005 20231101050039.0
035 |a (RuTPU)RU\TPU\retro\29586 
035 |a RU\TPU\book\304432 
090 |a 372165 
100 |a 20221214d1967 k y0rusy50 ca 
101 0 |a rus 
102 |a RU 
105 |a a z 001zy 
200 0 |a Вып. 33 : Слюдисто-флюорит-берилловые месторождения - важный тип бериллиевого сырья  |f Н. П. Заболотная [и др.] 
210 |a Москва  |c Недра  |d 1967 
215 |a 191 с.  |c ил. 
333 |a Исключено из фонда НТБ ТПУ 
461 1 |0 (RuTPU)RU\TPU\book\92447  |t Геология месторождений редких элементов  |o [сборник]  |f Всесоюзный научно-исследовательский институт минерального сырья (ВИМС)  |v Вып. 33 : Слюдисто-флюорит-берилловые месторождения - важный тип бериллиевого сырья  |d 1958-1972 
701 1 |a Заболотная  |b Н. П. 
701 1 |a Куприянова  |b И. И. 
701 1 |a Новикова  |b М. И. 
801 1 |a RU  |b 63413507  |c 20150115 
801 2 |a RU  |b 63413507  |c 20221214  |g RCR 
942 |c BK